|
|
|
|
| LEADER |
00000cam a2200000 7i4500 |
| 001 |
0000004562 |
| 002 |
000004919 |
| 005 |
20000330.0 |
| 020 |
|
|
|a 9971772647
|
| 090 |
0 |
0 |
|a 297.61
|b SER
|
| 245 |
0 |
0 |
|a 100 tokoh wanita terbilang
|c disunting oleh Syed Ahmad Semait
|
| 260 |
|
|
|a Singapura :
|b Pustaka Nasional ,
|c 1992
|
| 300 |
|
|
|a 577p. ;
|c 22cm.
|
| 650 |
0 |
0 |
|a Women in Islam
|
| 650 |
0 |
0 |
|a Women in Islam
|z Arab countries
|
| 700 |
0 |
|
|a Syed Ahmad Semait ,
|e disunting oleh
|
| 999 |
|
|
|a 034645
|b BUKU
|c PINJAMAN
|e PERPUSTAKAAN KOMUNITI PETALING JAYA
|
| 999 |
|
|
|a 034646
|b BUKU
|c PINJAMAN
|e PERPUSTAKAAN KOMUNITI PETALING JAYA
|